[Event "Avoine op 37th"]
[Site "Avoine"]
[Date "2023.07.26"]
[Round "5"]
[White "Mas, Victor"]
[Black "Stephan, Victor"]
[Result "1/2-1/2"]
[WhiteElo "2198"]
[BlackElo "2383"]
[PlyCount "155"]
[EventDate "2023.07.22"]
[EventType "swiss"]
[EventRounds "9"]
[EventCountry "FRA"]
[SourceTitle "CBM 215 Extra"]
[Source "ChessBase"]
[SourceDate "2023.09.30"]
[SourceVersion "1"]
[SourceVersionDate "2023.09.30"]
[SourceQuality "1"]

1. Nf3 d5 2. g3 Nf6 3. Bg2 e6 4. d4 Bd6 5. 0-0 h6 6. c4 0-0 7. Nc3 Nc6 8. b3 dxc4 9. bxc4 e5 10. d5 Na5 11. Qa4 b6 12. c5 Bxc5 13. Nxe5 Ba6 14. Nc6 Nxc6 15. Qxa6 Nd4 16. Qd3 Qd7 17. Be3 Qf5 18. Qxf5 Nxf5 19. Bxc5 bxc5 20. d6 c6 21. Rfd1 Rad8 22. e4 Nd4 23. Na4 Rfe8 24. Nxc5 Rxd6 25. Nb3 Ne2+ 26. Kf1 Rxd1+ 27. Rxd1 Nc3 28. Rc1 Nxa2 29. Rxc6 Nxe4 30. Bxe4 Rxe4 31. Ra6 Nb4 32. Rxa7 Nd3 33. Ra1 Rb4 34. Nd2 Rb2 35. Rd1 f5 36. Ke2 Ne5 37. Rb1 Ra2 38. Rb5 Nc4 39. Rd5 Kf7 40. f4 Ke6 41. Rd4 Nd6 42. Ke3 g5 43. h4 g4 44. Rd3 Ne8 45. Rb3 Nd6 46. Rd3 Rc2 47. Rb3 Kd5 48. Rd3+ Ke6 49. Rb3 Rc1 50. Rd3 Rh1 51. Kf2 Ra1 52. Ke3 Ne8 53. Rb3 Ra6 54. Rd3 Nf6 55. Nb3 Ne4 56. Nd4+ Kf6 57. Nxf5 Re6 58. Nxh6 Nc5+ 59. Kd2 Nxd3 60. Kxd3 Kg7 61. Nf5+ Kg6 62. Ne3 Kh5 63. Kd4 Rd6+ 64. Nd5 Ra6 65. Ke5 Ra3 66. Nf6+ Kg6 67. f5+ Kf7 68. Ne4 Rf3 69. h5 Kg7 70. f6+ Kh6 71. Ke6 Kxh5 72. Kf7 Kh6 73. Nd6 Kh7 74. Ke6 Kg6 75. f7 Kg7 76. Nf5+ Kf8 77. Kf6 Rxg3 78. Nxg3 1/2-1/2

[Event "Avoine op 37th"]
[Site "Avoine"]
[Date "2023.07.23"]
[Round "2"]
[White "Burri, Quentin"]
[Black "Mas, Victor"]
[Result "1-0"]
[WhiteElo "2400"]
[BlackElo "2198"]
[PlyCount "135"]
[EventDate "2023.07.22"]
[EventType "swiss"]
[EventRounds "9"]
[EventCountry "FRA"]
[SourceTitle "CBM 215 Extra"]
[Source "ChessBase"]
[SourceDate "2023.09.30"]
[SourceVersion "1"]
[SourceVersionDate "2023.09.30"]
[SourceQuality "1"]

1. e4 e5 2. Nf3 Nf6 3. Nxe5 d6 4. Nd3 Nxe4 5. Qe2 Qe7 6. Nf4 Nc6 7. c3 Nf6 8. d4 Qxe2+ 9. Bxe2 d5 10. Bf3 Ne7 11. 0-0 Bf5 12. Re1 0-0-0 13. Ne2 Ng6 14. Ng3 Be6 15. Bg5 h6 16. Bxf6 gxf6 17. Nd2 f5 18. Nh5 c6 19. Bd1 Bd6 20. Bc2 Nf4 21. Nxf4 Bxf4 22. Nf3 Rdg8 23. Kf1 Bc7 24. Ne5 Rg7 25. f4 h5 26. Bd1 h4 27. Bf3 Re8 28. b4 f6 29. Nd3 Bd7 30. Rxe8+ Bxe8 31. Re1 Bd7 32. Kf2 Bd6 33. g3 hxg3+ 34. hxg3 Rh7 35. Rh1 Rxh1 36. Bxh1 Be8 37. Bf3 Kd7 38. Bd1 Ke7 39. Ne1 b6 40. Ng2 c5 41. bxc5 bxc5 42. Ne3 Ke6 43. Bc2 cxd4 44. Bxf5+ Kf7 45. cxd4 Bb5 46. Bc2 Ba3 47. Bb3 Bb2 48. Bxd5+ Kf8 49. Bc4 Bxc4 50. Nxc4 Bxd4+ 51. Kf3 Ke7 52. Ke4 Bg1 53. g4 Ke6 54. f5+ Ke7 55. Kd5 Kd7 56. Nd2 Bb6 57. Ne4 Bd8 58. Nc5+ Ke7 59. Kc6 Ba5 60. a4 Bb6 61. Nb7 Bf2 62. Nc5 Bg1 63. Nd3 Be3 64. Nb4 Bd4 65. a5 Bg1 66. a6 Bf2 67. Kb7 Kd6 68. Nc6 1-0

[Event "Agneaux St Lo op"]
[Site "Agneaux"]
[Date "2022.07.15"]
[Round "8"]
[White "Mas, Victor"]
[Black "Delestre, Anatole"]
[Result "1-0"]
[WhiteElo "2175"]
[BlackElo "2002"]
[PlyCount "67"]
[EventDate "2022.07.09"]
[EventType "swiss"]
[EventRounds "9"]
[EventCountry "FRA"]
[SourceTitle "EXT 2023"]
[Source "ChessBase"]
[SourceDate "2022.10.05"]
[SourceVersion "1"]
[SourceVersionDate "2022.10.05"]
[SourceQuality "1"]

1. d4 d5 2. Nf3 Nf6 3. g3 e6 4. Bg2 Be7 5. 0-0 0-0 6. c4 dxc4 7. Na3 c6 8. Nxc4 b5 9. Nce5 Bb7 10. Qc2 Qb6 11. Be3 Nd5 12. Rac1 Rd8 13. Bd2 a5 14. h4 h6 15. Bh3 Bd6 16. Rfd1 Na6 17. Bxh6 Bxe5 18. Nxe5 gxh6 19. Bxe6 Kg7 20. Qf5 Qc7 21. Bxf7 Rd6 22. Be6 Ne7 23. Qf7+ Kh8 24. Qf6+ Kh7 25. d5 c5 26. Qf7+ Kh8 27. Qxe7 Qxe7 28. Ng6+ Kh7 29. Nxe7 Re8 30. Nf5 Rdd8 31. Ne3 c4 32. b3 c3 33. Rxc3 b4 34. Rcc1 1-0

[Event "FRA-ch U18"]
[Site "Agen"]
[Date "2021.10.25"]
[Round "3"]
[White "Mas, Victor"]
[Black "Girel, Joseph"]
[Result "1-0"]
[WhiteElo "2183"]
[BlackElo "2395"]
[PlyCount "61"]
[EventDate "2021.10.22"]
[EventType "swiss"]
[EventRounds "9"]
[EventCountry "FRA"]
[SourceTitle "EXT 2023"]
[Source "ChessBase"]
[SourceDate "2022.10.05"]
[SourceVersion "1"]
[SourceVersionDate "2022.10.05"]
[SourceQuality "1"]

1. d4 Nf6 2. c4 e6 3. g3 d5 4. Nf3 Be7 5. Bg2 0-0 6. 0-0 dxc4 7. Qc2 b5 8. a4 b4 9. Nfd2 Nd5 10. Nxc4 c5 11. dxc5 Ba6 12. Ne3 Nd7 13. Nxd5 exd5 14. c6 Rc8 15. Bf4 Nc5 16. Rd1 d4 17. h4 h6 18. Bf3 Ne6 19. c7 Nxc7 20. Qc6 Qe8 21. Rc1 Bd8 22. Nd2 Bxe2 23. Bd6 Bxf3 24. Qxf3 Qd7 25. Bxf8 Kxf8 26. Qb7 Be7 27. Rc4 d3 28. Rac1 Bd6 29. Rd4 Re8 30. Nc4 Re6 31. Nxd6 1-0

[Event "Rochefort op-A 19th"]
[Site "Rochefort"]
[Date "2020.02.22"]
[Round "8"]
[White "Suarez Uriel, Adrian"]
[Black "Mas, Victor"]
[Result "1-0"]
[WhiteElo "2371"]
[BlackElo "2049"]
[PlyCount "123"]
[EventDate "2020.02.22"]
[EventType "swiss"]
[EventRounds "9"]
[EventCountry "FRA"]
[SourceTitle "CBM 195 Extra"]
[Source "ChessBase"]
[SourceDate "2020.05.31"]
[SourceVersion "1"]
[SourceVersionDate "2020.05.31"]
[SourceQuality "1"]

1. e4 e5 2. Nf3 Nc6 3. Bc4 Bc5 4. 0-0 d6 5. c3 Bb6 6. d3 h6 7. a4 Qf6 8. b4 a6 9. Nbd2 Nge7 10. Bb3 g5 11. Nc4 Ba7 12. b5 Nd8 13. d4 Ng6 14. Ne1 Ne6 15. Nc2 0-0 16. Kh1 Rd8 17. N4e3 exd4 18. cxd4 Bxd4 19. Ng4 Qg7 20. Nxd4 Qxd4 21. Nxh6+ Kh7 22. Bxe6 Qxd1 23. Rxd1 Bxe6 24. Bxg5 f6 25. Be3 axb5 26. axb5 Rxa1 27. Rxa1 d5 28. Rc1 dxe4 29. Rxc7+ Rd7 30. b6 Ne5 31. h3 Rxc7 32. bxc7 b5 33. g4 Nc4 34. Nf5 b4 35. Bd4 b3 36. Bxf6 Kg6 37. Bc3 b2 38. Bxb2 Nxb2 39. Nd6 Kg5 40. Nxe4+ Kh4 41. f4 Nd3 42. f5 Bd7 43. Kh2 Ne5 44. Nd6 Nf3+ 45. Kg2 Ng5 46. f6 Nxh3 47. f7 Nf4+ 48. Kf3 Ng6 49. c8Q Bxc8 50. Nxc8 Ne5+ 51. Kf4 Nxf7 52. Ne7 Nd8 53. Ng6+ Kh3 54. Nf8 Nf7 55. Ne6 Kh4 56. Nd4 Kh3 57. Nf3 Nd8 58. Kf5 Kg3 59. Ne5 Kh4 60. g5 Kh5 61. g6 Kh6 62. Kf6 1-0

[Event "FRA-ch U16"]
[Site "Hyeres"]
[Date "2019.04.15"]
[Round "3"]
[White "Mas, Victor"]
[Black "Harutyunyan, Ruben"]
[Result "0-1"]
[WhiteElo "2032"]
[BlackElo "2310"]
[PlyCount "70"]
[EventDate "2019.04.14"]
[EventType "swiss"]
[EventRounds "9"]
[EventCountry "FRA"]
[SourceTitle "CBM 190 Extra"]
[Source "ChessBase"]
[SourceDate "2019.07.15"]
[SourceVersion "1"]
[SourceVersionDate "2019.07.15"]
[SourceQuality "1"]

1. d4 Nf6 2. Nf3 d5 3. g3 c5 4. Bg2 cxd4 5. Nxd4 e5 6. Nb3 Be7 7. Bg5 Ng8 8. Bxe7 Nxe7 9. 0-0 0-0 10. Qd2 Nbc6 11. Rd1 Be6 12. Qe1 Qb6 13. Nc3 Rad8 14. Na4 Qc7 15. Nac5 Bc8 16. Rac1 b6 17. Nd3 Be6 18. c3 a5 19. Nd2 f5 20. Nf1 f4 21. Qd2 Ng6 22. Ne1 e4 23. Nc2 Qf7 24. Nd4 Nce5 25. Qe1 Bc8 26. f3 exf3 27. Nxf3 Ng4 28. h3 Nf6 29. Qf2 Ne4 30. Qxb6 fxg3 31. Qb5 Nf4 32. Ne3 Nd6 33. Qb3 Nxe2+ 34. Kf1 Nxc1 35. Rxc1 Bxh3 0-1

[Event "Avoine op 33rd"]
[Site "Avoine"]
[Date "2018.07.22"]
[Round "2"]
[White "Mas, Victor"]
[Black "Devallee, Jeremie"]
[Result "1-0"]
[WhiteElo "2006"]
[BlackElo "2230"]
[PlyCount "97"]
[EventDate "2018.07.21"]
[EventType "swiss"]
[EventRounds "9"]
[EventCountry "FRA"]
[SourceTitle "CBM 185 Extra"]
[Source "ChessBase"]
[SourceDate "2018.07.29"]
[SourceVersion "1"]
[SourceVersionDate "2018.07.29"]
[SourceQuality "1"]

1. d4 c5 2. d5 Nf6 3. c4 b5 4. cxb5 a6 5. bxa6 g6 6. Nc3 Bxa6 7. e4 Bxf1 8. Kxf1 d6 9. g3 Bg7 10. Kg2 Na6 11. f4 0-0 12. Nf3 Qb6 13. e5 Nd7 14. Qe2 Nc7 15. h4 Qb7 16. Rd1 dxe5 17. fxe5 e6 18. d6 Na6 19. Qe4 Qxe4 20. Nxe4 Nb4 21. a3 Nc6 22. Bf4 Rfb8 23. Rd2 Na5 24. Rc2 Nb3 25. Rd1 Ra4 26. Nc3 Ra5 27. Re2 h6 28. Ne4 Kh7 29. g4 Nb6 30. Nc3 c4 31. g5 Nc5 32. gxh6 Bxh6 33. Bxh6 Kxh6 34. Rf1 Kg7 35. Ng5 Ra7 36. Ref2 Rf8 37. Nb5 Rd7 38. Nd4 Nd5 39. Ngxe6+ fxe6 40. Rxf8 Ne3+ 41. Kh3 Nxf1 42. Rxf1 Rb7 43. Rf6 Kh6 44. Nxe6 Rb3+ 45. Kg4 Nd3 46. Rf8 Kh7 47. Ng5+ Kg7 48. Rf7+ Kg8 49. Re7 1-0

[Event "Angers op 13th"]
[Site "Angers"]
[Date "2018.05.12"]
[Round "3"]
[White "Harutyunyan, Safar"]
[Black "Mas, Victor"]
[Result "1-0"]
[WhiteElo "2119"]
[BlackElo "1998"]
[PlyCount "69"]
[EventDate "2018.05.11"]
[EventType "swiss"]
[EventRounds "6"]
[EventCountry "FRA"]
[SourceTitle "CBM 184 Extra"]
[Source "ChessBase"]
[SourceDate "2018.06.28"]
[SourceVersion "1"]
[SourceVersionDate "2018.06.28"]
[SourceQuality "1"]

1. e4 c5 2. Ne2 d6 3. g3 Nf6 4. Bg2 g6 5. 0-0 Bg7 6. c3 Nc6 7. d4 cxd4 8. cxd4 0-0 9. Nbc3 Nd7 10. Be3 Nb6 11. b3 e5 12. d5 Ne7 13. a4 a6 14. Qd2 Nd7 15. a5 f5 16. f3 b5 17. axb6 Nxb6 18. Na4 Nxa4 19. bxa4 Bd7 20. Rfc1 Bf6 21. a5 Nc8 22. Nc3 g5 23. Na4 f4 24. gxf4 gxf4 25. Bf2 Rb8 26. Nb6 Rf7 27. Kh1 Na7 28. Nxd7 Qxd7 29. Bxa7 Qxa7 30. Rc6 Rfb7 31. Qc2 Qd4 32. Rc1 Rb2 33. Rc8+ Bd8 34. Qc7 Rxc8 35. Qxc8 1-0

[Event "Sautron op qual 17th"]
[Site "Sautron"]
[Date "2017.09.01"]
[Round "2.6"]
[White "Aubry, Yannis"]
[Black "Mas, Victor"]
[Result "1-0"]
[WhiteElo "2190"]
[BlackElo "1853"]
[PlyCount "45"]
[EventDate "2017.10.22"]
[EventType "swiss"]
[EventRounds "9"]
[EventCountry "FRA"]
[SourceTitle "EXT 2020"]
[Source "ChessBase"]
[SourceDate "2019.10.17"]
[SourceVersion "1"]
[SourceVersionDate "2019.10.17"]
[SourceQuality "1"]

1. d4 d5 2. c4 e6 3. Nc3 Nf6 4. cxd5 exd5 5. Bg5 Be7 6. e3 c6 7. Bd3 h6 8. Bf4 0-0 9. Qc2 Nh5 10. Be5 Bg4 11. Nf3 Re8 12. h3 Be6 13. g4 Nf6 14. g5 hxg5 15. Nxg5 Bf8 16. Bh7+ Kh8 17. Bg8 Ne4 18. Ncxe4 dxe4 19. Qxe4 Bb4+ 20. Kd1 Kxg8 21. Qh7+ Kf8 22. Qxg7+ Ke7 23. Bf6+ 1-0

[Event "Avoine op 32nd"]
[Site "Avoine"]
[Date "2017.07.27"]
[Round "6"]
[White "Heurtebize, Christophe"]
[Black "Mas, Victor"]
[Result "1-0"]
[WhiteElo "2053"]
[BlackElo "1853"]
[PlyCount "68"]
[EventDate "2017.07.22"]
[EventType "swiss"]
[EventRounds "9"]
[EventCountry "FRA"]
[SourceTitle "CBM 179 Extra"]
[Source "ChessBase"]
[SourceDate "2017.08.23"]
[SourceVersion "1"]
[SourceVersionDate "2017.08.23"]
[SourceQuality "1"]

1. d4 d5 2. c4 e6 3. Nf3 Nf6 4. g3 Be7 5. Bg2 0-0 6. 0-0 Nbd7 7. Qc2 c6 8. Nbd2 b6 9. Rd1 Bb7 10. e4 dxe4 11. Nxe4 Nxe4 12. Qxe4 Qc8 13. Ng5 Nf6 14. Qf3 Rd8 15. Be3 h6 16. Nh3 Rd7 17. Nf4 Qd8 18. Qe2 Rb8 19. Nd3 Qc8 20. Ne5 Rd8 21. Bf4 g5 22. Be3 c5 23. Bxb7 Qxb7 24. dxc5 Bxc5 25. Bxc5 bxc5 26. b3 Kg7 27. Qb2 a5 28. Re1 Rd4 29. Qc3 Qa8 30. Nf3 Rd7 31. Qe3 Rbd8 32. Nxg5 Rd3 33. Qe5 R8d4 34. Nh3 Qf3 1-0

[Event "Avoine op 32nd"]
[Site "Avoine"]
[Date "2017.07.23"]
[Round "2"]
[White "Rayne, Remy"]
[Black "Mas, Victor"]
[Result "1-0"]
[WhiteElo "2071"]
[BlackElo "1853"]
[PlyCount "63"]
[EventDate "2017.07.22"]
[EventType "swiss"]
[EventRounds "9"]
[EventCountry "FRA"]
[SourceTitle "CBM 179 Extra"]
[Source "ChessBase"]
[SourceDate "2017.08.23"]
[SourceVersion "1"]
[SourceVersionDate "2017.08.23"]
[SourceQuality "1"]

1. d4 d5 2. Nc3 Nf6 3. Bg5 Nbd7 4. f3 h6 5. Bh4 e6 6. e4 dxe4 7. fxe4 Be7 8. e5 Nd5 9. Bxe7 Nxe7 10. Nf3 Nb6 11. Bd3 Ned5 12. Qd2 Nb4 13. 0-0 Nxd3 14. Qxd3 Nd5 15. Ne4 0-0 16. c3 b6 17. Nfd2 a5 18. Qg3 Kh8 19. Rf3 Ne7 20. Qh4 Bb7 21. Raf1 Qe8 22. Qf2 Kg8 23. g4 Rd8 24. g5 Nf5 25. gxh6 Nxh6 26. Qh4 Bxe4 27. Nxe4 Qc6 28. Rg3 Kh8 29. Rxg7 Kxg7 30. Qg5+ Kh7 31. Nf6+ Kh8 32. Qxh6# 1-0

[Event "Agneaux St Lo U16 op 17th"]
[Site "Agneaux"]
[Date "2015.07.08"]
[Round "5"]
[White "Mas, Victor"]
[Black "Decaen, Melvyn"]
[Result "1-0"]
[WhiteElo "1525"]
[BlackElo "1673"]
[PlyCount "73"]
[EventDate "2015.07.03"]
[EventType "swiss"]
[EventRounds "9"]
[EventCountry "FRA"]
[SourceTitle "EXT 2016"]
[Source "ChessBase"]
[SourceDate "2015.10.08"]
[SourceVersion "1"]
[SourceVersionDate "2015.10.08"]
[SourceQuality "1"]

1. d4 e6 2. c4 Nf6 3. Nf3 b6 4. g3 Ba6 5. Qc2 c5 6. Bg2 Bb7 7. dxc5 Bxc5 8. Nc3 h6 9. h4 Nc6 10. 0-0 0-0 11. Bf4 Qc8 12. a3 Nd4 13. Nxd4 Bxg2 14. Kxg2 Bxd4 15. Nb5 Qc6+ 16. Kg1 Bc5 17. b4 Be7 18. Rfd1 d5 19. Rac1 Rfc8 20. Qa2 Qd7 21. Nc3 Qb7 22. cxd5 exd5 23. Nxd5 Rxc1 24. Nxf6+ Bxf6 25. Rxc1 Rc8 26. Rxc8+ Qxc8 27. Qd5 Bb2 28. a4 Bc3 29. b5 Bb4 30. Qc6 Qd8 31. Kg2 Qe7 32. Qc8+ Kh7 33. Qf5+ Kg8 34. Qe5 Qd7 35. e4 Be7 36. Qc7 Qe6 37. Qc6 1-0

[Event "Agneaux St Lo U16 op 17th"]
[Site "Agneaux"]
[Date "2015.07.06"]
[Round "4"]
[White "Fernandez, Leon"]
[Black "Mas, Victor"]
[Result "0-1"]
[WhiteElo "1714"]
[BlackElo "1525"]
[PlyCount "64"]
[EventDate "2015.07.03"]
[EventType "swiss"]
[EventRounds "9"]
[EventCountry "FRA"]
[SourceTitle "EXT 2016"]
[Source "ChessBase"]
[SourceDate "2015.10.08"]
[SourceVersion "1"]
[SourceVersionDate "2015.10.08"]
[SourceQuality "1"]

1. e4 e5 2. Nf3 Nf6 3. Nxe5 d6 4. Nf3 Nxe4 5. Nc3 Nxc3 6. dxc3 Nc6 7. Be3 Be7 8. Qd2 Be6 9. 0-0-0 Qd7 10. Nd4 Bf6 11. Nxe6 Qxe6 12. Kb1 0-0 13. Bd3 a5 14. Rhe1 Ne5 15. f4 Nc4 16. Bxc4 Qxc4 17. g4 a4 18. g5 Be7 19. Bd4 Bd8 20. f5 c5 21. Be3 Ra6 22. Bf4 Ba5 23. Bxd6 Rb6 24. Ka1 a3 25. b4 Rxd6 26. Qe3 Rxd1+ 27. Rxd1 cxb4 28. cxb4 Bxb4 29. Kb1 Rc8 30. Qc1 Qb5 31. h4 Bc3+ 32. Qb2 Qxb2# 0-1

[Event "Angers op 10th"]
[Site "Angers"]
[Date "2015.04.24"]
[Round "2"]
[White "Chapelain, Florent"]
[Black "Mas, Victor"]
[Result "1-0"]
[WhiteElo "1829"]
[BlackElo "1539"]
[PlyCount "119"]
[EventDate "2015.04.24"]
[EventType "swiss"]
[EventRounds "6"]
[EventCountry "FRA"]
[SourceTitle "CBM 166 Extra"]
[Source "ChessBase"]
[SourceDate "2015.06.18"]
[SourceVersion "1"]
[SourceVersionDate "2015.06.18"]
[SourceQuality "1"]

1. e4 e5 2. d4 exd4 3. Qxd4 Nc6 4. Qe3 Nf6 5. Nc3 Bb4 6. Bd2 0-0 7. 0-0-0 Re8 8. f3 d5 9. Qf2 Be6 10. exd5 Nxd5 11. Nxd5 Qxd5 12. Bxb4 Qxa2 13. Bc3 a6 14. Qg3 g6 15. Qg5 Qa1+ 16. Kd2 Rad8+ 17. Bd3 Qa4 18. Ne2 Nd4 19. Ra1 Qxc2+ 20. Bxc2 Nxf3+ 21. Kc1 Nxg5 22. Bf6 Rd5 23. Nc3 Rc5 24. h4 Ne4 25. Bxe4 Bf5 26. Bxb7 a5 27. Kd2 Re6 28. Bd4 Rd6 29. Ke3 Rc4 30. Ra4 Rxa4 31. Nxa4 Re6+ 32. Kf2 Bc2 33. Nc3 Re7 34. Re1 Rxe1 35. Kxe1 f5 36. Bd5+ Kf8 37. Bf6 c6 38. Bxc6 Kf7 39. Bd4 Ke6 40. Kd2 Bb3 41. Nb5 a4 42. Nc3 Bc4 43. Bxa4 Bf1 44. Bb3+ Kd6 45. g3 h6 46. Bc2 Ke6 47. b4 g5 48. h5 g4 49. Be3 Ba6 50. Bxh6 Bc8 51. Ke3 Kf6 52. Kf4 Be6 53. Bg5+ Kg7 54. Bxf5 Bf7 55. h6+ Kh8 56. Bf6+ Kg8 57. h7+ Kf8 58. h8Q+ Bg8 59. Qg7+ Ke8 60. Bd7# 1-0